Normal view MARC view

Entry Personal Name

Number of records used in: 1

001 - CONTROL NUMBER

  • control field: 9551

003 - CONTROL NUMBER IDENTIFIER

  • control field: DLC

005 - DATE AND TIME OF LATEST TRANSACTION

  • control field: 20230921121132.0

008 - FIXED-LENGTH DATA ELEMENTS

  • fixed length control field: 861217n| acannaab| |n aaa |||

010 ## - LIBRARY OF CONGRESS CONTROL NUMBER

  • LC control number: n 86033212

040 ## - CATALOGING SOURCE

  • Original cataloging agency: DLC
  • Transcribing agency: DLC
  • Modifying agency: DLC

100 10 - HEADING--PERSONAL NAME

  • Personal name: Brown, Richard Harvey

670 ## - SOURCE DATA FOUND

  • Source citation: His Society as text, 1987:
  • Information found: CIP t.p. (Richard Harvey Brown)

670 ## - SOURCE DATA FOUND

  • Source citation: LC data base, 12/15/86
  • Information found: (hdg.: Brown, Richard Harvey)

670 ## - SOURCE DATA FOUND

  • Source citation: Writing the social text, c1991:
  • Information found: CIP t.p. (Richard Harvey Brown) data sheet (b. 5/12/40) pub. info. (U. of Maryland, College Park)

Powered by Koha